Statistics for Fast Typing A to Z - With Your Left Hand Only

Click here to take the quiz!

General Stats

  • This quiz has been taken 7,190 times
  • The average score is 24 of 26

Answer Stats

Answer% Correct
A
100%
B
99%
C
98%
D
97%
E
97%
F
96%
G
96%
H
95%
I
95%
J
94%
K
94%
L
93%
M
93%
N
92%
O
92%
P
91%
Q
90%
R
89%
S
88%
T
88%
U
87%
V
85%
W
84%
X
81%
Y
80%
Z
78%

Score Distribution

Percentile by Number Answered

Percent of People with Each Score

Your Score History

You have not taken this quiz